MARC Record
Leader
003
BE-GnUNI
007
't'u
035
a| (MSK)310010932
084
a| LEESZAAL
245
0
0
a| ICOM '86 :
b| Actes de la 14e Conférence générale et de la 15e Assemblée générale du Conseil international des musées.
260
a| Paris :
b| Conseil International des Musées,
c| 1989.
300
a| 115 :
b| ill.
546
a| Frans
500
a| Tentoonstellingscatalogus
852
4
b| MSK
c| MSK
j| LEESZAAL
920
a| boek
001
000010838
005
20241224121612.0